a kids book about ONLINE SAFETY / (Record no. 203774)

MARC details
000 -LEADER
fixed length control field 01338nam a2200313 ia4500
003 - CONTROL NUMBER IDENTIFIER
control field OSt
005 - DATE AND TIME OF LATEST TRANSACTION
control field 20260409110514.0
008 - FIXED-LENGTH DATA ELEMENTS--GENERAL INFORMATION
fixed length control field 260409s2025 nyua jrb 000 0 eng d
020 ## - INTERNATIONAL STANDARD BOOK NUMBER
International Standard Book Number 9780241743157
Terms of availability RM 98.90
Qualifying information hardback
040 ## - CATALOGING SOURCE
Original cataloging agency PPAK
Language of cataloging eng
Transcribing agency PPAK
Description conventions rda
082 04 - DEWEY DECIMAL CLASSIFICATION NUMBER
Edition number 23
Classification number 005.8
090 00 - LOCALLY ASSIGNED LC-TYPE CALL NUMBER (OCLC); LOCAL CALL NUMBER (RLIN)
Classification number (OCLC) (R) ; Classification number, CALL (RLIN) (NR) 005.8
Feature heading KID
Feature heading K
245 02 - TITLE STATEMENT
Title a kids book about ONLINE SAFETY /
Statement of responsibility, etc. by OIC Security Group
246 30 - VARYING FORM OF TITLE
Title proper/short title Online safety
250 ## - EDITION STATEMENT
Edition statement First American edition
264 #1 - PRODUCTION, PUBLICATION, DISTRIBUTION, MANUFACTURE, AND COPYRIGHT NOTICE
Place of production, publication, distribution, manufacture New York :
Name of producer, publisher, distributor, manufacturer DK Publishing,
Date of production, publication, distribution, manufacture, or copyright notice [2025]
300 ## - PHYSICAL DESCRIPTION
Extent 1 volume (unpaged) :
Other physical details colour illustrations ;
Dimensions 26 cm
336 ## - CONTENT TYPE
Content type term text
Source rdacontent
337 ## - MEDIA TYPE
Media type term unmediated
Source rdamedia
338 ## - CARRIER TYPE
Carrier type term volume
Source rdacarrier
490 1# - SERIES STATEMENT
Series statement a kids book about
520 ## - SUMMARY, ETC.
Summary, etc. "This is a kids' book about online safety. Being online is a regular part of our day-to-day lives. But...not everyone online is a kind person, or has the best intentions. Thankfully, practicing online safety can help us address that. The internet is a wonderful resource; with this advice, you'll be equipped to explore safely."--
Assigning source Provided by publisher.
521 1# - TARGET AUDIENCE NOTE
Target audience note Ages 5+
650 10 - SUBJECT ADDED ENTRY--TOPICAL TERM
Topical term or geographic name entry element Computer security
Form subdivision Juvenile literature
Topical term or geographic name entry element Internet and children
Form subdivision Juvenile literature
710 2# - ADDED ENTRY--CORPORATE NAME
Corporate name or jurisdiction name as entry element OIC Security Group,
Relator term author.
830 #0 - SERIES ADDED ENTRY--UNIFORM TITLE
Uniform title a kids book about
942 ## - ADDED ENTRY ELEMENTS (KOHA)
Source of classification or shelving scheme Dewey Decimal Classification
Koha item type Book
Holdings
Withdrawn Not for loan Current library Shelving location Date acquired Total Checkouts Full call number Barcode Date last seen Koha item type
    Perpustakaan Alor Setar Pinjaman Kanak-kanak 26/04/2026   K 005.8 KID A01910984 26/04/2026 Book
    Perpustakaan Awam Sungai Petani Pinjaman Kanak-kanak 26/04/2026   K 005.8 KID A01910985 26/04/2026 Book